00400nam a2200133 a 4500008004100000050001800041100002500059245005000084246002500134260005800159300001600217350000900233650002400242120416s1976 ||||||||||||||||| || u aHB 2122.9 Bar aBarnum, Howard Nelch10aMigration, education and urban surplus labour athe case of Tanzania aParisbDevelopment Centre of the Organisation fc1976 a115p. : ill a0.00 aMIGRATION--TANZANIA